LEADER 01957nam a2200301 i 4500 001 000000205545 003 CaOOAMICUS 005 20230519092018.0 008 110824s1686 it u000 u ita u 026 $ae-l- ton- o-i- lesc (3) 1686 (R) 040 $aSeMil$bita 100 1 $aSemenzi, Giuseppe Girolamo.$0(OLS)http://semarc/name/73986 245 13$aIl mondo creato diviso nelle sette giornate. Poesie mistiche del P.D. Giuseppe Girolamo Semenzi ch. reg. somasco ... Dedicate all'eccellentiss.mo sig.r D. Giovanni Tomaso Enrichez di Cabrera, conte di Melgar, .. 260 $aIn Milano :$bNella Stampa di Carlo Antonio Malatesta; nella Contrada di S. Margarita,$c1686. 300 $a[6], 428 [i.e. 406] p., [11] carte di tav. calcogr. di cui 1 ritr., antip. calcogr. ;$c4°. 500 $aLegatura coeva in pelle su supporto cartonato 500 $aRitratto del dedicatario sul verso della prima c. di tav. [p. 17-18] 500 $aIl ritratto e le carte di tav. sono fuori testo ma comprese nella numerazione 500 $aTutte le ill. calcogr. disegnate da C. Fiore e incise da G. Tasnière 500 $aSegn.: pg4 (-pg4) A-G4 H6 (-H4) I-3D4 3E2 700 1 $aTasnière, Georges .$0(OLS)http://semarc/name/20586 700 1 $aMalatesta, Carlo Antonio,$c.$0(OLS)http://semarc/name/40867 700 1 $aFiori, Cesare,$c.$0(OLS)http://semarc/name/20587 850 $aSeMil 852 $aSeMil$W1$xVenegono$y1$m1L VI 6 FA$j243938$B156039$CSeMilBibl$Z2$F167392 $8I 996 $6245$aIl mondo creato diviso nelle sette giornate. Poesie mistiche del P.D. Giuseppe Girolamo Semenzi ch. reg. somasco ... Dedicate all'eccellentiss.mo sig.r D. Giovanni Tomaso Enrichez di Cabrera, conte di Melgar, ..$9(OLS)http://semarc/title/297505 996 $6260$aIn Milano :$bNella Stampa di Carlo Antonio Malatesta; nella Contrada di S. Margarita$9(OLS)http://semarc/publisher/52023 LEADER 01215nam a2200217 i 4500 001 000000090414 003 CaOOAMICUS 005 20151130000000.0 008 151130s1898 it u000 u ita u 013 $a62656 040 $aSeMil$bita 100 1 $aTomassi, Innocenzo.$0(OLS)http://semarc/name/40658 245 13$aLa venerabile Maria Cristina di Savoia Regina del regno delle due Sicilie singolare esempio alla donna cristiana :$bnel 61. anniversario della morte 31 gennaio 1897 /$c[p. Innocenzo Tomassi]. 260 $aNapoli :$bStabilimento tipografico del Paese,$c1898. 300 $a112 p., [1] c. di tav. :$britr. ;$c16 cm. 500 $aNome dell'A. dalla dedica. 600 04$aMaria Cristina : di Savoia .$0(OLS)http://semarc/subject/16562 850 $aSeMil 852 $aSeMil$W1$xVenegono$y1$m3J I 81 FA$j53382$B53382$CSeMilBibl$Z2$F58015 $8I 996 $6245$aLa venerabile Maria Cristina di Savoia Regina del regno delle due Sicilie singolare esempio alla donna cristiana :$bnel 61. anniversario della morte 31 gennaio 1897$9(OLS)http://semarc/title/136392 996 $6260$aNapoli :$bStabilimento tipografico del Paese$9(OLS)http://semarc/publisher/43610